[Event "TUR-chT Clubs"]
[Site "Konya"]
[Date "2019.07.21"]
[Round "9.22"]
[White "Gundes, Rahim"]
[Black "Ceyhan, Mert"]
[Result "0-1"]
[WhiteElo "1364"]
[BlackElo "1474"]
[PlyCount "126"]
[EventDate "2019.07.16"]
[EventType "team-swiss"]
[EventRounds "9"]
[EventCountry "TUR"]
[SourceTitle "CBM 191 Extra"]
[Source "ChessBase"]
[SourceDate "2019.09.30"]
[SourceVersion "1"]
[SourceVersionDate "2019.09.30"]
[SourceQuality "1"]
[WhiteTeam "Duzici Okyanus"]
[BlackTeam "Bornova Belediyesi Genclik"]
[WhiteTeamCountry "TUR"]
[BlackTeamCountry "TUR"]

1. c4 d6 2. Nc3 Nf6 3. e4 c5 4. d3 Nbd7 5. Nf3 g6 6. Be2 Bg7 7. h3 0-0 8. 0-0 a6 9. a4 b6 10. Be3 Bb7 11. Qd2 e6 12. Bh6 d5 13. Bxg7 Kxg7 14. e5 Ne8 15. d4 dxc4 16. Rad1 Qe7 17. d5 Nxe5 18. Nxe5 exd5 19. Ng4 d4 20. Nb1 d3 21. Qh6+ Kg8 22. Bxd3 cxd3 23. Rfe1 Qd6 24. Qg5 Qd5 25. Qxd5 Bxd5 26. Rxe8 Raxe8 27. Nf6+ Kg7 28. Nxd5 Re2 29. Nxb6 Rxb2 30. Nc4 Rb4 31. Nba3 Rxa4 32. Rxd3 Rb4 33. Rd6 Ra8 34. Rc6 a5 35. Rxc5 a4 36. Rc7 Rb3 37. Rd7 Rc8 38. Ra7 Rb4 39. Nd6 Rc3 40. Nab5 Rc1+ 41. Kh2 Rf4 42. Kg3 g5 43. Nc7 Kg6 44. Nd5 Rd4 45. Ne7+ Kf6 46. Ne8+ Ke5 47. Nc7 Rd3+ 48. f3 Rd7 49. Ra5+ Kd6 50. Ned5 Rdxc7 51. Nxc7 Rxc7 52. Rxa4 f6 53. Kg4 Ke6 54. Kh5 Rc2 55. Rg4 Kf7 56. Kh6 Kg8 57. f4 Rc6 58. fxg5 f5+ 59. Kh5 fxg4 60. Kxg4 Kg7 61. Kh5 Rc4 62. g4 Rc3 63. h4 Rc4 0-1

[Event "TUR-chT Clubs"]
[Site "Konya"]
[Date "2019.07.17"]
[Round "2.23"]
[White "Ozkale, Can Barkin"]
[Black "Gundes, Rahim"]
[Result "1-0"]
[WhiteElo "1729"]
[BlackElo "1364"]
[PlyCount "33"]
[EventDate "2019.07.16"]
[EventType "team-swiss"]
[EventRounds "9"]
[EventCountry "TUR"]
[SourceTitle "CBM 191 Extra"]
[Source "ChessBase"]
[SourceDate "2019.09.30"]
[SourceVersion "1"]
[SourceVersionDate "2019.09.30"]
[SourceQuality "1"]
[WhiteTeam "Ermenek Turkuaz Yelken"]
[BlackTeam "Duzici Okyanus"]
[WhiteTeamCountry "TUR"]
[BlackTeamCountry "TUR"]

1. e4 Nf6 2. d3 e5 3. Nf3 Nc6 4. c3 d5 5. Qc2 Bg4 6. Nbd2 Bd6 7. Be2 Ne7 8. Nf1 c6 9. Be3 Qa5 10. Ng3 Ng6 11. h3 Bd7 12. 0-0 h6 13. d4 0-0 14. dxe5 Nxe5 15. Nxe5 Bxe5 16. f4 Bc7 17. b4 1-0